[Event "IND-ch Women 2019"]
[Site "Karaikkudi"]
[Date "2019.07.24"]
[Round "8.15"]
[White "Singh, Neha"]
[Black "Vijayalakshmi, Subbaraman"]
[Result "0-1"]
[WhiteElo "1809"]
[BlackElo "2357"]
[Annotator "TA"]
[PlyCount "62"]
[EventDate "2019.07.19"]
[EventType "swiss"]
[EventCountry "IND"]
[SourceTitle "playchess.com"]
[Source "ChessBase"]
[SourceQuality "1"]

{[%evp 11,64,-5,24,5,47,54,49,51,59,47,31,-6,-6,-6,-7,-4,0,0,0,0,0,0,0,0,-4,-23,0,-12,-12,-12,0,-67,-64,-70,-56,-395,-400,-372,-324,-1187,-1187,-1187,-1185,-1164,-1160,-2991,-2470,-6070,-6070,-6070,-5218,-29997,-29984,-29998,-29999]} 1. e4 e5 2. Nf3 Nc6 3. Bb5 a6 4. Ba4 Nf6 5. Qe2 b5 6. Bb3 d6 7. a4 {C77: Ruy Lopez: 3...a6 4 Ba4 Nf6, unusual lines} (7. c3 Be7 8. O-O O-O 9. Rd1 Na5 10. Bc2 c5 11. d4 Qc7 12. d5 Bd7 13. b3 Nb7 14. a4 b4 15. c4 Ne8 16. Nbd2 g6 17. Nf1 Ng7 18. Bh6 f6 19. Ng3 Nd8 20. Nd2 Nf7 {0-1 (80) Grover,S (2511)-Ivlev,A (2326) chess.com INT 2019}) 7... Rb8 8. axb5 axb5 9. Nc3 {White is slightly better.} Be7 10. h3 O-O $146 ({Predecessor:} 10... b4 11. Nd5 O-O 12. O-O Bb7 13. c3 bxc3 14. bxc3 Qd7 15. Ba4 Ra8 16. Bb2 Nxd5 17. exd5 Nd4 18. Nxd4 Rxa4 19. Nf5 Bf6 20. Rxa4 Qxa4 21. c4 Qc2 {0-1 (21) Bartel,M (2260)-Jaracz,B (2209) Swidnica 1999}) 11. Nd5 Nxd5 12. exd5 Nd4 13. Nxd4 exd4 14. O-O Bf6 15. d3 Bd7 (15... Re8 $5 {[%cal Re8e2]} 16. Qf3 Bd7 $11) 16. Qf3 Ra8 17. Bd2 Re8 18. Rfe1 Be5 19. Ra5 Rxa5 20. Bxa5 Qg5 21. Rd1 (21. Bxc7 $11 Bh2+ {[%mdl 64] Discovered Attack} 22. Kf1 Rxe1+ 23. Kxe1) 21... Qh4 $1 $15 22. Re1 g5 $1 23. g4 $2 {[%mdl 8192] [#]} ({White should play} 23. g3 $15 Qxh3 24. Bxc7) 23... h5 $1 $19 {[%mdl 512]} 24. Re4 (24. gxh5 Bxh3) 24... hxg4 25. hxg4 $2 (25. Rxg4 Qh5 {[%mdl 64] Pin} 26. Kf1) 25... Bh2+ 26. Kf1 Rxe4 27. Qxe4 Bxg4 28. Bxc7 Be5 29. Ke1 Qh3 30. Bxd6 Bxd6 31. Qxd4 Qh1+ 0-1

[Event "IND-ch Women 2019"]
[Site "Karaikkudi"]
[Date "2019.07.24"]
[Round "8.17"]
[White "Parnali, S Dharia"]
[Black "Potluri Supreetha"]
[Result "1-0"]
[WhiteElo "2145"]
[BlackElo "1873"]
[Annotator "TA"]
[PlyCount "139"]
[EventDate "2019.07.19"]
[EventType "swiss"]
[EventCountry "IND"]
[SourceTitle "playchess.com"]
[Source "ChessBase"]
[SourceQuality "1"]

{[%evp 17,139,18,16,2,46,35,64,39,74,65,104,106,118,95,111,109,119,121,125,111,108,108,90,69,169,172,188,188,192,195,171,150,133,163,182,129,172,99,205,187,229,230,258,219,214,205,212,212,235,222,251,185,513,500,489,491,474,512,494,479,556,494,481,485,470,456,572,360,340,340,375,382,379,375,376,376,381,376,374,273,340,340,340,340,539,539,539,524,510,448,29964,10465,29967,29969,4133,445,1252,438,5304,5073,4806,1459,29955,1007,12255,750,29978,29979,29979,29967,29977,5716,29977,29977,29981,29979,29979,29974,29986,29981,29985,29980,29980,29975]} 1. d4 Nf6 2. Nf3 g6 3. g3 Bg7 4. Bg2 O-O 5. O-O d6 6. Re1 Nbd7 7. e4 e5 8. Nc3 c6 9. a4 Qc7 10. h3 {B07: Pirc Defence: Miscellaneous Systems} h6 (10... b6 11. Be3 Bb7 12. Qd2 Rfe8 13. Rad1 Rad8 14. Bh6 a6 15. Bxg7 Kxg7 16. Qe3 b5 17. dxe5 dxe5 18. axb5 axb5 {½-½ (35) Karpov,A (2619)-Tkachiev,V (2642) Moscow 2009}) 11. Be3 Kh7 12. Qe2 $146 {White is slightly better.} ({Predecessor:} 12. a5 exd4 13. Nxd4 Nc5 14. f4 Be6 15. Qd2 b5 16. b4 Ncd7 17. Rad1 Rac8 18. Nxe6 fxe6 19. Qxd6 {1-0 (42) Varnusz,E (2360)-Borsavolgyi,T Hungary 1989}) 12... a6 13. dxe5 dxe5 14. a5 Re8 15. Qc4 Nf8 16. Bb6 $1 $36 {[%cal Rb6c7][%mdl 2048] White is really pushing.} Qe7 17. Bc5 Qe6 18. Qd3 N8d7 19. Be3 Bf8 20. Na4 c5 ({Black should try} 20... Bb4 $14) 21. Nd2 $18 b5 22. axb6 $1 Bb7 23. Qb3 Bc6 24. Nc3 Qxb3 25. Nxb3 Reb8 26. Ra5 ({White should play} 26. Na5 $18) 26... Rxb6 27. f3 (27. Rea1 $18) 27... Rb7 (27... Nh5 $16 {was worth a try.}) 28. Bf1 Bd6 29. Rea1 Nb8 30. Bxc5 Bc7 31. R5a2 a5 32. Bd3 Bd7 33. Bc4 Kg7 34. Be7 ({Don't play} 34. Nxa5 $6 Bxa5 35. Rxa5 Rxa5 $18) 34... Bxh3 $2 (34... Bb6+ 35. Kh2 Nc6) 35. Bxf6+ Kxf6 36. Bd5 Raa7 37. Bxb7 Rxb7 38. Nd5+ Kg7 39. Nc5 Bb6 40. Rxa5 Bxc5+ 41. Rxc5 Rxb2 42. Rc7 {g4 is the strong threat.} Be6 43. Raa7 h5 44. Rab7 Rxb7 45. Rxb7 {[%mdl 4096] Endgame KRN-KBN} Nc6 46. c3 Na5 47. Rc7 g5 48. Ne7 Kf6 49. Nc6 Nxc6 50. Rxc6 {KR-KB} g4 (50... Ke7 $142 51. Rc5 f6 52. Rc7+ Bd7) 51. fxg4 hxg4 52. Kf2 Ke7 53. Ke3 Bd7 (53... Ba2 $18 54. Ra6 Bc4) 54. Rc5 (54. Rc7 $142 Kd6 55. Rxd7+ $1 {[%mdl 512]} Kxd7 56. Kd3 Ke6 57. Kc4 Kd6 58. Kb5 Ke7 59. Kc5) 54... Kd6 55. Rd5+ Ke6 {[#]} 56. Rd1 (56. Rxd7 $142 $1 {[%mdl 512] White wants to mate with Rd1.} Kxd7 57. Kd3) 56... Bc6 (56... Bb5 $142 57. Rb1 Bd7 58. Rb6+ Ke7) 57. Rf1 (57. c4 $142 Bd7 58. Rf1) 57... f6 (57... Bb5 $142 58. Rf5 Bd7) 58. c4 Be8 59. c5 Ke7 60. Rc1 (60. Rb1 $142 Bc6 61. Rb6 Be8 62. Rb8 Ba4 63. Rg8 Bc6 64. Rxg4 Kf7 65. Rh4) 60... Bc6 61. Ra1 (61. Rb1 $142 Ke6 62. Rb6 $1 {[%mdl 512]}) 61... Bd7 {[#]} 62. Ra7 $1 Kd8 63. Rb7 Kc8 {[#]} 64. Rb6 (64. Rxd7 $142 $1 {[%mdl 512]} Kxd7 65. Kd3 Kc7 66. Kc4 Kd7 67. Kb5 Ke6 68. c6 f5 69. exf5+ Kxf5 70. c7) 64... f5 65. Rd6 {White mates.} fxe4 66. Kxe4 Kc7 67. Kxe5 Bc8 68. Kf4 Kb7 69. Rg6 Kc7 70. Rxg4 {Accuracy: White = 51%, Black = 29%.} 1-0

[Event "IND-ch Women 2019"]
[Site "Karaikkudi"]
[Date "2019.07.24"]
[Round "8.18"]
[White "Smaraki, Mohanty"]
[Black "Saranya, J."]
[Result "0-1"]
[WhiteElo "1773"]
[BlackElo "2067"]
[Annotator "NA RC"]
[PlyCount "43"]
[EventDate "2019.07.19"]
[EventType "swiss"]
[EventCountry "IND"]
[SourceTitle "playchess.com"]
[Source "ChessBase"]
[SourceQuality "1"]
[TimeControl "40/5400+30:1800+30"]

1. c4 {[%emt 0:00:00]} Nf6 {[%emt 0:00:00]} 2. Nc3 {[%emt 0:00:00]} g6 {[%emt 0:00:00]} 3. e4 {[%emt 0:00:01]} d6 {[%emt 0:00:02]} 4. d4 {[%emt 0:00:25]} Bg7 {[%emt 0:00:06]} 5. g3 {[%emt 0:02:06]} O-O {[%emt 0:00:22]} 6. Bg2 {[%emt 0:00:03]} Nbd7 {[%emt 0:00:14]} 7. Nge2 {[%emt 0:00:28]} e5 {[%emt 0:00:32]} 8. O-O {[%emt 0:00:45]} exd4 {[%emt 0:00:13]} 9. Nxd4 {[%emt 0:00:05]} Re8 {[%emt 0:00:35]} 10. Re1 {[%emt 0:03:19]} a6 {[%emt 0:00:42]} 11. b3 {[%emt 0:07:54]} c5 {[%emt 0:06:26]} 12. Nde2 {[%emt 0:01:21]} Ne5 {[%emt 0:00:51]} 13. f4 {[%emt 0:01:04]} Nc6 {[%emt 0:00:22]} 14. h3 {[%emt 0:00:47]} Nxe4 {[%emt 0:10:57]} 15. Bxe4 {[%emt 0:00:07]} Rxe4 {[%emt 0:00:39]} 16. Nxe4 {[%emt 0:00:01]} Bxa1 {[%emt 0:00:10]} 17. Nxd6 {[%emt 0:07:40]} Bxh3 {[%emt 0:08:28]} 18. Be3 {[%emt 0:07:18]} Bd4 {[%emt 0:05:35]} 19. Bxd4 {[%emt 0:00:15]} cxd4 {[%emt 0:02:41]} 20. Ne4 {[%emt 0:00:29]} Bf5 {[%emt 0:06:00]} 21. Nf2 {[%emt 0:01:00]} h5 {[%emt 0:01:59]} 22. Qd2 {[%emt 0:02:23]} 0-1

[Event "IND-ch Women 2019"]
[Site "Karaikkudi"]
[Date "2019.07.24"]
[Round "8.19"]
[White "Divyabharathi Masanam"]
[Black "Meenal Gupta"]
[Result "0-1"]
[WhiteElo "1730"]
[BlackElo "2004"]
[Annotator "NA RC"]
[PlyCount "120"]
[EventDate "2019.07.19"]
[EventType "swiss"]
[EventCountry "IND"]
[SourceTitle "playchess.com"]
[Source "ChessBase"]
[SourceQuality "1"]
[TimeControl "40/5400+30:1800+30"]

1. e4 {[%emt 0:00:18]} c5 {[%emt 0:00:00]} 2. Nf3 {[%emt 0:00:36]} d6 {[%emt 0:00:00]} 3. d4 {[%emt 0:00:18]} cxd4 {[%emt 0:00:03]} 4. Nxd4 {[%emt 0:00:03]} Nf6 {[%emt 0:00:06]} 5. Nc3 {[%emt 0:00:03]} a6 {[%emt 0:00:06]} 6. Be3 {[%emt 0:00:47]} e5 {[%emt 0:00:07]} 7. Nb3 {[%emt 0:00:04]} Be7 {[%emt 0:00:09]} 8. Be2 {[%emt 0:03:16]} Be6 {[%emt 0:02:14]} 9. O-O {[%emt 0:03:28]} O-O {[%emt 0:00:39]} 10. Qd2 {[%emt 0:07:42]} Nbd7 {[%emt 0:05:10]} 11. f4 {[%emt 0:08:06]} exf4 {[%emt 0:01:19]} 12. Bxf4 {[%emt 0:00:06]} Ne5 {[%emt 0:01:39]} 13. Qd4 {[%emt 0:00:30]} Qc7 {[%emt 0:00:30]} 14. Rac1 {[%emt 0:00:30]} Rfe8 {[%emt 0:00:30]} 15. Nd5 {[%emt 0:00:30]} Bxd5 {[%emt 0:00:30]} 16. exd5 {[%emt 0:00:30]} Nfd7 {[%emt 0:00:30]} 17. Qf2 {[%emt 0:00:30]} Bf6 {[%emt 0:00:30]} 18. c3 {[%emt 0:00:30]} Rac8 {[%emt 0:00:30]} 19. Rcd1 {[%emt 0:00:30]} Re7 {[%emt 0:00:30]} 20. Nd4 {[%emt 0:00:30]} g6 {[%emt 0:00:30]} 21. Bxe5 {[%emt 0:00:30]} Bxe5 {[%emt 0:00:30]} 22. Bg4 {[%emt 0:00:30]} Rce8 {[%emt 0:00:30]} 23. Bxd7 {[%emt 0:00:30]} Qxd7 {[%emt 0:00:30]} 24. h3 {[%emt 0:00:30]} Bg7 {[%emt 0:00:30]} 25. Kh1 {[%emt 0:00:30]} Re4 {[%emt 0:00:30]} 26. Nf3 {[%emt 0:00:30]} h6 {[%emt 0:00:30]} 27. Rfe1 {[%emt 0:00:30]} Qf5 {[%emt 0:00:30]} 28. Rxe4 {[%emt 0:00:30]} Rxe4 {[%emt 0:00:30]} 29. Qb6 {[%emt 0:00:30]} Rf4 {[%emt 0:00:30]} 30. Qe3 {[%emt 0:00:30]} g5 {[%emt 0:00:30]} 31. Qd3 {[%emt 0:00:30]} Qxd3 {[%emt 0:00:30]} 32. Rxd3 {[%emt 0:00:30]} Ra4 {[%emt 0:00:30]} 33. a3 {[%emt 0:00:30]} f5 {[%emt 0:00:30]} 34. Re3 {[%emt 0:00:30]} Kf7 {[%emt 0:00:30]} 35. Re6 {[%emt 0:00:30]} g4 {[%emt 0:00:30]} 36. Nh4 {[%emt 0:00:30]} Rf4 {[%emt 0:00:30]} 37. g3 {[%emt 0:00:30]} Rf2 {[%emt 0:00:30]} 38. Nxf5 {[%emt 0:00:30]} Rxf5 {[%emt 0:00:30]} 39. Rxd6 {[%emt 0:00:30]} gxh3 {[%emt 0:00:30]} 40. Rd7+ {[%emt 0:00:30]} Kg6 {[%emt 0:00:30]} 41. Rxb7 {[%emt 0:30:30]} Rxd5 {[%emt 0:30:30]} 42. Kh2 {[%emt 0:00:30]} a5 {[%emt 0:00:30]} 43. Kxh3 {[%emt 0:00:30]} Be5 {[%emt 0:00:30]} 44. Rb6+ {[%emt 0:00:30]} Kg5 {[%emt 0:00:30]} 45. Re6 {[%emt 0:00:30]} a4 {[%emt 0:00:30]} 46. Re8 {[%emt 0:00:30]} Kf5 {[%emt 0:00:30]} 47. Rf8+ {[%emt 0:00:30]} Ke4 {[%emt 0:00:30]} 48. Ra8 {[%emt 0:00:30]} Kf3 {[%emt 0:00:30]} 49. Rf8+ {[%emt 0:00:30]} Ke2 {[%emt 0:00:30]} 50. Ra8 {[%emt 0:00:30]} Rd3 {[%emt 0:00:30]} 51. Rxa4 {[%emt 0:00:30]} Rxg3+ {[%emt 0:00:30]} 52. Kh4 {[%emt 0:00:30]} Rg5 {[%emt 0:00:30]} 53. Rg4 {[%emt 0:00:30]} Kf3 {[%emt 0:00:30]} 54. Rxg5 {[%emt 0:00:30]} Bf6 {[%emt 0:00:30]} 55. Kh5 {[%emt 0:00:30]} hxg5 {[%emt 0:00:30]} 56. a4 {[%emt 0:00:30]} g4 {[%emt 0:00:30]} 57. a5 {[%emt 0:00:30]} Bd8 {[%emt 0:00:30]} 58. a6 {[%emt 0:00:30]} Bb6 {[%emt 0:00:30]} 59. c4 {[%emt 0:00:30]} g3 {[%emt 0:00:30]} 60. b4 {[%emt 0:00:30]} g2 {[%emt 0:00:30]} 0-1

[Event "IND-ch Women 2019"]
[Site "Karaikkudi"]
[Date "2019.07.24"]
[Round "8.20"]
[White "Chinnam Vyshnavi"]
[Black "Saranya, J."]
[Result "1/2-1/2"]
[WhiteElo "1664"]
[BlackElo "2067"]
[Annotator "NA RC"]
[PlyCount "92"]
[EventDate "2019.07.19"]
[EventType "swiss"]
[EventCountry "IND"]
[SourceTitle "playchess.com"]
[Source "ChessBase"]
[SourceQuality "1"]
[TimeControl "40/5400+30:1800+30"]

1. d4 {[%emt 0:00:00]} Nf6 {[%emt 0:00:00]} 2. Nf3 {[%emt 0:00:21]} b6 {[%emt 0:00:02]} 3. Bf4 {[%emt 0:00:34]} g6 {[%emt 0:00:38]} 4. e3 {[%emt 0:00:14]} Bg7 {[%emt 0:00:06]} 5. Be2 {[%emt 0:00:26]} O-O {[%emt 0:00:22]} 6. h3 {[%emt 0:00:43]} d6 {[%emt 0:01:27]} 7. O-O {[%emt 0:00:34]} Nbd7 {[%emt 0:02:00]} 8. c4 {[%emt 0:01:19]} Bb7 {[%emt 0:01:11]} 9. Nc3 {[%emt 0:01:22]} Re8 {[%emt 0:01:57]} 10. Qc2 {[%emt 0:04:57]} e5 {[%emt 0:06:07]} 11. dxe5 {[%emt 0:00:13]} dxe5 {[%emt 0:00:02]} 12. Bh2 {[%emt 0:01:32]} Qe7 {[%emt 0:06:10]} 13. Rfd1 {[%emt 0:08:20]} c6 {[%emt 0:06:18]} 14. Rd2 {[%emt 0:04:48]} h6 {[%emt 0:11:29]} 15. Rad1 {[%emt 0:02:40]} e4 {[%emt 0:09:13]} 16. Nd4 {[%emt 0:03:44]} Nc5 {[%emt 0:06:41]} 17. b4 {[%emt 0:13:30]} Nd3 {[%emt 0:06:18]} 18. b5 {[%emt 0:13:46]} c5 {[%emt 0:04:52]} 19. Nb3 {[%emt 0:01:25]} Nb4 {[%emt 0:10:05]} 20. Qb2 {[%emt 0:04:58]} Rad8 {[%emt 0:03:10]} 21. Nc1 {[%emt 0:04:37]} a6 {[%emt 0:12:02]} 22. a3 {[%emt 0:02:01]} Nd3 {[%emt 0:01:36]} 23. Nxd3 {[%emt 0:01:22]} exd3 {[%emt 0:03:35]} 24. Bxd3 {[%emt 0:00:37]} axb5 {[%emt 0:01:15]} 25. Qxb5 {[%emt 0:01:36]} Ng4 {[%emt 0:02:58]} 26. Nd5 {[%emt 0:06:27]} Bxd5 {[%emt 0:00:37]} 27. cxd5 {[%emt 0:00:06]} Nxh2 {[%emt 0:00:09]} 28. Kxh2 {[%emt 0:00:04]} Rxd5 {[%emt 0:00:38]} 29. Bc4 {[%emt 0:04:00]} Rxd2 {[%emt 0:01:31]} 30. Rxd2 {[%emt 0:00:04]} Rd8 {[%emt 0:00:32]} 31. Rxd8+ {[%emt 0:02:49]} Qxd8 {[%emt 0:00:01]} 32. Qc6 {[%emt 0:00:14]} Qf6 {[%emt 0:00:38]} 33. Qxf6 {[%emt 0:01:25]} Bxf6 {[%emt 0:00:02]} 34. Kg3 {[%emt 0:00:32]} Bb2 {[%emt 0:00:51]} 35. a4 {[%emt 0:00:14]} Kg7 {[%emt 0:00:41]} 36. Kf4 {[%emt 0:00:51]} f5 {[%emt 0:00:18]} 37. Kf3 {[%emt 0:05:28]} Kf6 {[%emt 0:00:07]} 38. Ke2 {[%emt 0:00:36]} g5 {[%emt 0:00:15]} 39. Kd3 {[%emt 0:00:50]} Ke5 {[%emt 0:00:41]} 40. Bg8 {[%emt 0:00:00]} Ba3 {[%emt 0:00:00]} 41. g4 {[%emt 0:05:32]} f4 {[%emt 0:05:18]} 42. e4 {[%emt 0:03:24]} Bb4 {[%emt 0:00:05]} 43. f3 {[%emt 0:00:13]} Be1 {[%emt 0:01:00]} 44. Kc4 {[%emt 0:00:25]} Ba5 {[%emt 0:00:06]} 45. Bf7 {[%emt 0:00:15]} Kf6 {[%emt 0:00:56]} 46. Bg8 {[%emt 0:00:25]} Ke5 {[%emt 0:00:01]} 1/2-1/2

[Event "IND-ch Women 2019"]
[Site "Karaikkudi"]
[Date "2019.07.24"]
[Round "8.21"]
[White "Nandhini, Saripalli"]
[Black "Nisha, N. Patkar"]
[Result "1-0"]
[WhiteElo "1933"]
[BlackElo "1596"]
[Annotator "NA RC"]
[PlyCount "97"]
[EventDate "2019.07.19"]
[EventType "swiss"]
[EventCountry "IND"]
[SourceTitle "playchess.com"]
[Source "ChessBase"]
[SourceQuality "1"]
[TimeControl "40/5400+30:1800+30"]

1. d4 {[%emt 0:00:00]} Nf6 {[%emt 0:00:00]} 2. Nf3 {[%emt 0:00:08]} g6 {[%emt 0:03:01]} 3. Bg5 {[%emt 0:07:02]} Bg7 {[%emt 0:02:33]} 4. Nbd2 {[%emt 0:00:07]} d6 {[%emt 0:00:44]} 5. e4 {[%emt 0:00:43]} Nfd7 {[%emt 0:03:23]} 6. c3 {[%emt 0:03:02]} O-O {[%emt 0:01:13]} 7. Be2 {[%emt 0:07:26]} f6 {[%emt 0:08:39]} 8. Qb3+ {[%emt 0:05:32]} Kh8 {[%emt 0:00:28]} 9. Bh4 {[%emt 0:08:13]} e5 {[%emt 0:01:04]} 10. O-O-O {[%emt 0:10:16]} a5 {[%emt 0:22:12]} 11. dxe5 {[%emt 0:09:12]} dxe5 {[%emt 0:05:48]} 12. Nc4 {[%emt 0:01:40]} Qe7 {[%emt 0:03:05]} 13. Ne3 {[%emt 0:04:11]} a4 {[%emt 0:09:10]} 14. Nd5 {[%emt 0:11:09]} axb3 {[%emt 0:10:31]} 15. Nxe7 {[%emt 0:00:10]} bxa2 {[%emt 0:00:45]} 16. Kc2 {[%emt 0:00:21]} Nc5 {[%emt 0:00:40]} 17. Nxc8 {[%emt 0:01:08]} Rxc8 {[%emt 0:00:04]} 18. Nd2 {[%emt 0:05:08]} Nc6 {[%emt 0:05:58]} 19. Bc4 {[%emt 0:08:06]} h5 {[%emt 0:12:33]} 20. f3 {[%emt 0:07:37]} Kh7 {[%emt 0:02:42]} 21. Ra1 {[%emt 0:01:13]} Rd8 {[%emt 0:01:12]} 22. Rxa2 {[%emt 0:00:57]} Rxa2 {[%emt 0:00:39]} 23. Bxa2 {[%emt 0:00:01]} Na4 {[%emt 0:00:26]} 24. Nc4 {[%emt 0:02:32]} g5 {[%emt 0:02:00]} 25. Bf2 {[%emt 0:00:34]} b5 {[%emt 0:00:25]} 26. Ne3 {[%emt 0:02:27]} Nb6 {[%emt 0:01:39]} 27. Nf5 {[%emt 0:00:56]} Bf8 {[%emt 0:01:06]} 28. h4 {[%emt 0:00:27]} Kg6 {[%emt 0:00:28]} 29. g4 {[%emt 0:00:37]} hxg4 {[%emt 0:00:47]} 30. h5+ {[%emt 0:00:17]} Kh7 {[%emt 0:00:08]} 31. fxg4 {[%emt 0:00:23]} b4 {[%emt 0:00:44]} 32. Ra1 {[%emt 0:01:51]} bxc3 {[%emt 0:00:28]} 33. bxc3 {[%emt 0:00:05]} Ne7 {[%emt 0:01:10]} 34. Ne3 {[%emt 0:01:34]} Nec8 {[%emt 0:00:21]} 35. Nd5 {[%emt 0:00:38]} Nxd5 {[%emt 0:00:22]} 36. Bxd5 {[%emt 0:00:05]} Bd6 {[%emt 0:00:37]} 37. Ra8 {[%emt 0:00:41]} Rh8 {[%emt 0:00:26]} 38. c4 {[%emt 0:01:53]} Be7 {[%emt 0:00:53]} 39. Be6 {[%emt 0:00:30]} Nd6 {[%emt 0:00:27]} 40. Ra7 {[%emt 0:00:00]} Bd8 {[%emt 0:00:00]} 41. Bc5 {[%emt 0:14:28]} Ne8 {[%emt 0:21:36]} 42. Bf5+ {[%emt 0:03:17]} Kh6 {[%emt 0:00:12]} 43. Ra8 {[%emt 0:11:19]} Nd6 {[%emt 0:04:02]} 44. Bxd6 {[%emt 0:02:09]} cxd6 {[%emt 0:03:20]} 45. Ra7 {[%emt 0:00:01]} Bb6 {[%emt 0:00:38]} 46. Rb7 {[%emt 0:00:35]} Ba5 {[%emt 0:01:47]} 47. Kb3 {[%emt 0:01:04]} Bd8 {[%emt 0:01:46]} 48. Ka4 {[%emt 0:01:23]} d5 {[%emt 0:00:44]} 49. exd5 {[%emt 0:00:26]} 1-0

[Event "IND-ch Women 2019"]
[Site "Karaikkudi"]
[Date "2019.07.25"]
[Round "9.1"]
[White "Kulkarni Bhakti"]
[Black "Meenakshi Subbaraman"]
[Result "1-0"]
[WhiteElo "2388"]
[BlackElo "2163"]
[Annotator "NA"]
[PlyCount "74"]
[EventDate "2019.07.19"]
[EventType "swiss"]
[EventCountry "IND"]
[SourceTitle "playchess.com"]
[Source "ChessBase"]
[SourceQuality "1"]
[TimeControl "40/5400+30:1800+30"]

1. e4 {[%emt 0:01:19]} d6 {[%emt 0:01:37]} 2. d4 {[%emt 0:00:58]} g6 {[%emt 0:00:15]} 3. Nc3 {[%emt 0:00:17]} Bg7 {[%emt 0:00:10]} 4. Be3 {[%emt 0:00:46]} Nd7 {[%emt 0:00:22]} 5. Nf3 {[%emt 0:04:33]} a6 {[%emt 0:03:36]} 6. Bd3 {[%emt 0:01:10]} e6 {[%emt 0:13:24]} 7. Qd2 {[%emt 0:02:39]} b5 {[%emt 0:00:56]} 8. a4 {[%emt 0:04:02]} b4 {[%emt 0:01:21]} 9. Ne2 {[%emt 0:00:04]} a5 {[%emt 0:01:38]} 10. c3 {[%emt 0:01:48]} bxc3 {[%emt 0:03:00]} 11. bxc3 {[%emt 0:07:22]} Ba6 {[%emt 0:00:10]} 12. O-O {[%emt 0:05:13]} Ngf6 {[%emt 0:05:37]} 13. c4 {[%emt 0:21:42]} O-O {[%emt 0:04:16]} 14. h3 {[%emt 0:00:50]} e5 {[%emt 0:15:23]} 15. d5 {[%emt 0:06:34]} Ne8 $16 {[%emt 0:09:54]} 16. Qxa5 {[%emt 0:04:32]} f5 {[%emt 0:09:01]} 17. Ng5 {[%emt 0:05:47]} Nc5 {[%emt 0:04:47]} 18. Bxc5 {[%emt 0:08:26]} Qxg5 {[%emt 0:00:17]} 19. Be3 {[%emt 0:01:45]} Qh4 {[%emt 0:12:13]} 20. f3 {[%emt 0:01:21]} Bxc4 {[%emt 0:00:41]} 21. Qc3 {[%emt 0:08:15]} Bxd3 {[%emt 0:00:45]} 22. Qxd3 {[%emt 0:02:26]} Nf6 {[%emt 0:02:50]} 23. Nc3 {[%emt 0:00:09]} Nh5 {[%emt 0:03:17]} 24. a5 {[%emt 0:00:38]} Nf4 {[%emt 0:00:29]} 25. Qd2 {[%emt 0:00:35]} Qg3 {[%emt 0:02:05]} 26. Bxf4 {[%emt 0:06:34]} exf4 {[%emt 0:00:09]} 27. exf5 {[%emt 0:00:23]} Rfe8 {[%emt 0:02:01]} 28. Ra2 {[%emt 0:01:08]} gxf5 {[%emt 0:02:37]} 29. a6 {[%emt 0:00:27]} Reb8 {[%emt 0:00:53]} 30. Ne2 {[%emt 0:01:14]} Qg5 {[%emt 0:00:09]} 31. Rc1 {[%emt 0:00:24]} Qe7 {[%emt 0:01:00]} 32. Qxf4 {[%emt 0:00:50]} Rb6 {[%emt 0:00:30]} 33. Qxf5 {[%emt 0:00:16]} Raxa6 {[%emt 0:00:15]} 34. Rxa6 {[%emt 0:00:08]} Qe3+ {[%emt 0:00:42]} 35. Kh1 {[%emt 0:00:11]} Rb8 {[%emt 0:00:33]} 36. Rxc7 {[%emt 0:00:27]} Rb1+ {[%emt 0:00:31]} 37. Qxb1 {[%emt 0:00:05]} Qg5 {[%emt 0:01:06]} 1-0